000 00617nam a2200229Ia 4500
005 20250425162453.0
008 250425s9999 xx 000 0 und d
020 _a9789978100745
041 _aspa
082 _a302
100 _aUNDA LARA, RENE
245 0 _aJOVENES Y JUVENTUDES: ACCION, REPRESENTACIONES Y EXPECTATIVAS SOCIALES DE JOVENES EN QUITO
250 _a1A ED.
260 _aEcuador
_bABYA-YALA/UNIVERSIDAD POLITECNICA SALESIANA
_c2010
260 _aS.L.
300 _a153
650 _aINTERACCION SOCIAL
650 _aJOVENES
650 _aSOCIALIZACION
942 _c01
010 _a76385
999 _c229893
_d229893